LEADER 01370nam 22003613 450 001 9910133125803321 005 20160621164942.0 010 $a88-7462-083-7 035 $a(CKB)3400000000017955 035 $a(ItFiC)it 04390458 035 $a(EXLCZ)993400000000017955 100 $a20110314d2004 uy 0 101 0 $aita 200 10$aGovernare il municipio$b[electronic resource] $epoteri locali e dinamiche istituzionali a Prato da Depretis a Giolitti, 1880-1901 /$fFederico Lucarini 210 $aMacerata $cQuodlibet$d2004 215 $a319 p 225 0$aLaboratorio di storia costituzionale Antoine Barnave 300 $aAgostino Depretis (1813-1887); Giovanni Giolitti (1842-1928). 300 $aPrato (Tuscany). 320 $aIncludes bibliographical references. 327 $uhttp://www.ilibri.casalini.it/toc/04390458.pdf$3TOC 517 $aGovernare il municipio : poteri locali e dinamiche istituzionali a Prato da Depretis a Giolitti, 1880-1901 517 $aGovernare il Municipio 607 $aPrato (Italy)$xPolitics and government$y19th century 676 $a352 700 $aLucarini$b Federico$0476532 712 02$aLaboratorio di storia costituzionale "Antoine Barnave." 801 0$bItFiC 801 1$bItFiC 906 $aBOOK 912 $a9910133125803321 996 $aGovernare il municipio$91094423 997 $aUNINA LEADER 05445nam 2200625 450 001 9910786700503321 005 20230803202942.0 010 $a3-03826-449-0 035 $a(CKB)3710000000125789 035 $a(EBL)1910766 035 $a(SSID)ssj0001336762 035 $a(PQKBManifestationID)11700668 035 $a(PQKBTitleCode)TC0001336762 035 $a(PQKBWorkID)11307921 035 $a(PQKB)11399214 035 $a(Au-PeEL)EBL1910766 035 $a(CaPaEBR)ebr10895040 035 $a(OCoLC)889265638 035 $a(MiAaPQ)EBC1910766 035 $a(EXLCZ)993710000000125789 100 $a20140721h20142014 uy 0 101 0 $aeng 135 $aur|n|---||||| 181 $ctxt 182 $cc 183 $acr 200 10$aAdvances in computational mechanics $eselected, peer reviewed papers from the 1st Australasian Conference on Computational Mechanics (ACCM 2013), October 3-4, 2013, Sydney, Australia /$fedited by Grant P. Steven, Qing Li and Zhongpu (Leo) Zhang 210 1$aZurich, Switzerland :$cTTP,$d2014. 210 4$d©2014 215 $a1 online resource (862 p.) 225 1 $aApplied Mechanics and Materials,$x1662-7482 ;$vVolume 553 300 $aDescription based upon print version of record. 311 $a3-03835-068-0 320 $aIncludes bibliographical references at the end of each chapters and indexes. 327 $aAdvances in Computational Mechanics; Preface and Conference Organizers; Table of Contents; Chapter 1: Advanced Materials and Multiscale Modelling; Tuneable Resonance Properties of Graphene by Nitrogen-Dopant; Finite Element Modelling of Stress-Induced Fracture in Ti-Si-N Films; Fictitious Elastic Stiffness Parameters of Zero-Thickness Finite Elements at Bi-Material Interfaces; Crystal Plasticity Simulation of the Bauschinger Effect of Polycrystalline AA7075 through a Texture-Based Representative Volume Element Model 327 $aUnderstanding the Threshold Conditions for Dislocation Transmission from Tilt Grain Boundaries in FCC Metals under Uniaxial LoadingEffect of Pressure on Dry and Hydrated Self Assembled Monolayers: A Molecular Dynamics Simulation Study; Atoms to Assemblies: A Physics-Based Hierarchical Modelling Approach for Polymer Composite Components; Finite Element Analysis of Residual Stresses in Metallic Coatings through a Compound Casting; Digital Material Representation and Testing of Metal Foams; Molecular Dynamics Simulation of the Deformation of Single Crystal Gallium Arsenide 327 $aModeling of Grained Heterogeneity with Voronoi Tessellation in Microforming ProcessComputational Analysis of Compressive Strain Hardening Exponents of Bimetal with Pearlitic Steel and Low Carbon Steel; Implementation of a Non-Orthogonal Constitutive Model for the Finite Element Simulation of Textile Composite Draping; Finite Element Simulation of the Hot Deformation Behavior of AA7075 Using a Coupled Thermo-Mechanical Crystal Plasticity Constitutive Model; Morphology of Irradiated Adjacent Single-Walled Carbon Nanotubes 327 $aA Variable Diffusivity Model for the Drying of Spherical Food ParticulatesModeling of Steel-Reinforced Concrete Panels under Blast Loads; Chapter 2: Computational Fluid Dynamics and Thermofluids; Magnetic Convection Heat Transfer in an Open Ended Enclosure Filled with Paramagnetic Fluids; Analysis of Dissipative Particle Dynamics Fluid in Sheared Regimes; Numerical Simulation of Flow, Heat and Moisture Transfer in Heat and Moisture Exchanger (HME) Devices; Thermal Management of Data Centres - Effect of CRAC Location and Flow Rate on the Performance of Data Centres 327 $aA Fully Coupled Scheme for Viscous Flows in Regular and Irregular Domains Using Compact Integrated RBF ApproximationComparison and Development of Equation of State Laws in Smoothed Particle Hydrodynamics; Three-Dimensional Direct Numerical Simulation of Unsteady Transitional Round Fountains in a Homogeneous Fluid; Investigation of the 3D Flow in Hemodialysis Venous Air Traps; Transient Analysis of Rising Bubble Using Image Analysis; Numerical Simulation of Tank Discharge Using Smoothed Particle Hydrodynamics; CFD Flow Model and its Effects on the Calculations of High Pressure Sprays 327 $aDevelopment of an Effective FVLBM Code for the Study of Turbulent and Multiphase Flows 330 $aCollection of selected, peer reviewed papers from the Australasian Conference of Computational Mechanics 2013 (ACCM 2013), October 3-4, 2013, Sydney, Australia. The 139 papers are grouped as follows: Chapter 1: Advanced Materials and Multiscale Modelling, Chapter 2: Computational Fluid Dynamics and Thermofluids, Chapter 3: Aerospace and Vehicle Engineering, Chapter 4: Biomechanics, Biomimetics and Biomedical Engineering, Chapter 5: Geomechanics and Geotechnics, Chapter 6: Structural and Solid Mechanics, Chapter 7: Vibration and Dynamics, Chapter 8: Fracture and Damage, Chapter 9: Impact and Ex 410 0$aApplied mechanics and materials ;$vVolume 553. 606 $aMechanics, Applied$xMathematics$vCongresses 615 0$aMechanics, Applied$xMathematics 676 $a620.100151 702 $aSteven$b Grant P. 702 $aLi$b Qing 702 $aZhang$b Zhongpu (Leo) 801 0$bMiAaPQ 801 1$bMiAaPQ 801 2$bMiAaPQ 906 $aBOOK 912 $a9910786700503321 996 $aAdvances in computational mechanics$93826647 997 $aUNINA LEADER 05275nam 22006015 450 001 9910595030803321 005 20260209093835.0 010 $a3-031-10668-7 024 7 $a10.1007/978-3-031-10668-2 035 $a(MiAaPQ)EBC7097789 035 $a(Au-PeEL)EBL7097789 035 $a(CKB)24866183400041 035 $a(PPN)26496103X 035 $a(DE-He213)978-3-031-10668-2 035 $a(OCoLC)1346359362 035 $a(EXLCZ)9924866183400041 100 $a20220919d2022 u| 0 101 0 $aeng 135 $aurcnu|||||||| 181 $ctxt$2rdacontent 182 $cc$2rdamedia 183 $acr$2rdacarrier 200 10$aDiagnostic Cystoscopy $eThe Cystoscopist Reference /$fby Bradley C. Tenny, Michael O'Neill 205 $a1st ed. 2022. 210 1$aCham :$cSpringer International Publishing :$cImprint: Springer,$d2022. 215 $a1 online resource (153 pages) 225 1 $aMedicine Series 311 08$aPrint version: Tenny, Bradley C. Diagnostic Cystoscopy Cham : Springer International Publishing AG,c2022 9783031106675 327 $aIntroduction to Cystoscopy -- Parts of the Cystoscope -- Operative Technique -- Clinical Pearls -- Innovations in the Field -- Fluorescence Cystoscopy, Disposable Instruments Normal Bladder Anatomy -- Typical Bladder Anatomy Male -- Bladder Anatomy Female -- Normal Variants of Male Urethra -- Normal Variants of Female Urethra -- Normal Variants of Bladder Trigone and UO -- Normal Variant of Bladder Wall -- Benign Urethral Pathology -- Urethritis -- Stricture Disease -- Bladder Neck Contracture -- Benign Prostatic Enlargement -- Prostate Abscess -- Urethral Valves -- Urethral Diverticulum -- Megalourethra -- Urethral Tumors -- Epithelial or Mixed, Mesenchymal, or Inflammatory Pseudotumors (False Polyps) -- Urethral Trauma -- False Passage -- Ant. Versus Post. Disruption -- Partial versus Complete Disruption -- Urethral Fistula -- Foreign Bodies -- Medical Devices, Other -- Malignant Urethral Pathology -- TCC, Squamous Cell, Adenocarcinoma, Clear Cell, Others -- Benign Bladder Pathology -- Acute Cystitis -- Inflammatory Polyps -- Malakoplakia, Cystitis Cystica, Xanthoma -- Hyperemic/Confluence of Vessels -- Hemorrhagic Cystitis, Mucosal Edema -- Nonkeratinizing Squamous Metaplasia -- Interstitial Cystitis -- Bladder Trabeculations -- Bladder Fistula -- Vesicovaginal, Enterovesical -- Ureterocele -- Bladder lithiasis -- Foreign Bodies -- Medical Devices, Other -- Malignant Bladder Pathology -- Invading Prostate Cancer -- Carcinoma In Situ -- Urothelial Cell Carcinoma -- Sessile, Pedunculated, Ta-T4, Small versus Large -- Extrinsic Malignant Invasion -- Cervical Cancer, Colon/Rectal Cancer, Other Cancer. 330 $aDiagnostic cystoscopy is the gold standard procedure in assessing anatomical variations and/or bladder pathologies. For example, for a clinician to adequately rule out carcinoma in situ of the bladder the clinician must directly visualize the whole bladder. Mastering this skill is thus incredibly important for the training MD and training advanced practice provider (Nurse Practitioner or Physician Assistant). Once mastered, this readily available reference will serve to benefit said clinician in differentiating benign and malignant pathologies. This text is designed as a comprehensive review by experts in the field of urology on the cystoscope, including both the flexible and rigid instrument, technical use, and certainly bladder pathologies. The rigid cystoscope includes three parts: the scope/lens, bridge, and sheath. These three parts may seem self-explanatory, however there are array of varying options within these three parts that have specific indicationsfor use. Thus, being very familiar with these instruments is vital in being a great cystoscopist. This book will prepare all practitioners to improve and perfect their skills as cystoscopists. Perhaps most significantly, this book will cover numerous topics in normal anatomy, benign and malignant urethral pathology, and benign and malignant bladder pathology. Dialogue on each presented topic includes a brief pathological discussion, associated clinical significance such as common signs or symptoms, suggested treatment for said topic, additional references for further reading, and photographs. Photographs are included on every topic, with a minimum of one image and a maximum of five for reference. A comprehensive reference on diagnostic cystoscopy has been needed for quite some time. This book will satisfy this need for both the developing and experienced cystoscopist. ?. 410 0$aMedicine Series 606 $aUrology 606 $aInternal medicine 606 $aUrology 606 $aInternal Medicine 606 $aMalalties de la bufeta$2thub 608 $aLlibres electrònics$2thub 615 0$aUrology. 615 0$aInternal medicine. 615 14$aUrology. 615 24$aInternal Medicine. 615 7$aMalalties de la bufeta 676 $a616.6207 676 $a616.6207 700 $aTenny$b Bradley C.$01258283 702 $aO'Neill$b Michael 801 0$bMiAaPQ 801 1$bMiAaPQ 801 2$bMiAaPQ 906 $aBOOK 912 $a9910595030803321 996 $aDiagnostic cystoscopy$93039146 997 $aUNINA